Statistics for Sunwing Airlines Destinations

Click here to take the quiz!

General Stats

  • This quiz has been taken 40 times
  • The average score is 22 of 77

Answer Stats

Destination% Correct
Montreal
91%
Toronto
87%
Vancouver
83%
Calgary
78%
Halifax
78%
Edmonton
74%
Quebec City
74%
St. John
74%
St. John's
74%
Winnipeg
70%
Ottawa
65%
Saskatoon
65%
Victoria
65%
Miami
61%
Regina
61%
Cancun
57%
Punta Cana
57%
Orlando
52%
Havana
48%
London
48%
Fredericton
43%
Nassau
43%
Thunder Bay
43%
Boston
39%
Montego Bay
39%
Puerto Vallarta
39%
Acapulco
30%
Gander
30%
Kingstown
30%
Moncton
30%
Newark
30%
Fort Lauderdale
26%
Kelowna
26%
Varadero
26%
Charlottetown
22%
Liberia
22%
Oranjestad
22%
Puerto Plata
22%
Sint Maarten
22%
Willemstad
22%
Baltimore
17%
Buffalo
17%
Cayo Coco
17%
George Town
17%
Holguin
17%
Sault Ste. Marie
17%
Sudbury
17%
Windsor
17%
Ixtapa
13%
Kitchener
13%
Camaguey
9%
Deer Lake
9%
La Romana
9%
Roatan
9%
St. Petersburg
9%
Vieux Fort
9%
Freeport
4%
Kralendijk
4%
Manzanillo
4%
Manzanillo
4%
Mazatlan
4%
Milwaukee
4%
Nashville
4%
North Bay
4%
Samana
4%
Santa Clara
4%
Bagotville
0%
Cienfuegos
0%
Huatulco
0%
La Ceiba
0%
Los Cabos
0%
Mont-Joli
0%
Rio Hato
0%
Santiago de Cuba
0%
Sept-Iles
0%
Stephenville
0%
Val d'Or
0%

Score Distribution

Percentile by Number Answered

Percent of People with Each Score

Your Score History

You have not taken this quiz